No hay mal que por bien no venga, Don Domingo de Don Blas (Record no. 164154)

MARC details
000 -LEADER
campo de control de longitud fija 00780nam a2200217 i 4500
001 - NÚMERO DE CONTROL
campo de control 164154
003 - IDENTIFICADOR DE NÚMERO DE CONTROL
campo de control ES-MaACL
005 - FECHA Y HORA DE LA ÚLTIMA TRANSACCIÓN
campo de control 20230906212900.0
008 - DATOS DE LONGITUD FIJA--INFORMACIÓN GENERAL
campo de control de longitud fija 030429s1777 sp |||| | spa d
040 ## - FUENTE DE CATALOGACIÓN
Centro catalogador/agencia de origen CAM
Lengua de catalogación spa
Centro/agencia transcriptor CAM
100 0# - ENTRADA PRINCIPAL--NOMBRE DE PERSONA
Nombre de persona Ruiz de Alarcón y Mendoza, Juan.
9 (RLIN) 100719
245 10 - MENCIÓN DEL TÍTULO
Título No hay mal que por bien no venga, Don Domingo de Don Blas
Resto del título : comedia famosa /
Mención de responsabilidad, etc. de Don Juan Ruiz de Alarcon.
260 ## - PUBLICACIÓN, DISTRIBUCIÓN, ETC.
Lugar de publicación, distribución, etc. En Valencia :
Nombre del editor, distribuidor, etc. en la Imprena de Joseph y Thomàs de Orga ...,
Fecha de publicación, distribución, etc. 1777.
300 ## - DESCRIPCIÓN FÍSICA
Extensión 32 p. ;
Dimensiones 4º.
500 ## - NOTA GENERAL
Nota general Precede al tit.: "N.216"
594 ## - Nota al título y mención de responsabilidad
Nota al título y mención de responsabilidad Subtit. precede a tit.
596 ## - NOTA AL PIE DE IMPRENTA
NOTA AL PIE DE IMPRENTA Pie de imp. tomado de colofón.
597 ## - NOTA DE DESCRIPCIÓN FÍSICA
NOTA DE DESCRIPCIÓN FÍSICA Sign.: A-D4.
597 ## - NOTA DE DESCRIPCIÓN FÍSICA
NOTA DE DESCRIPCIÓN FÍSICA Texto a dos col.
852 ## - LOCALIZACIÓN
Ubicación ES-MaACL
Número de control de estantería R-3037-44
Encuadernación Olim:T-1431
Nota libre -- Enc. piel grab.
Holdings
Estatus retirado Estado de pérdida Estado de daño No para préstamo Colección Biblioteca de origen Biblioteca actual Ubicación en estantería Fecha de adquisición Total de préstamos Signatura topográfica completa Código de barras Visto por última vez Precio de reemplazo Tipo de ítem Koha
        Libros del s. XVIII Biblioteca del Ateneo de Madrid Biblioteca del Ateneo de Madrid Depósito 17/01/2008   R-3037-44 1172045 23/02/2023 23/02/2023 Libro impreso antiguo